[Event "Foment Martinenc op-B 20th"]
[Site "Barcelona"]
[Date "2018.05.26"]
[Round "6"]
[White "Sanchez Oliveras, Guillem"]
[Black "Gomez Rivera, Judit"]
[Result "1-0"]
[WhiteElo "1321"]
[BlackElo "1372"]
[PlyCount "61"]
[EventDate "2018.04.21"]
[EventType "swiss"]
[EventRounds "9"]
[EventCountry "ESP"]
[SourceTitle "CBM 184 Extra"]
[Source "ChessBase"]
[SourceDate "2018.06.28"]
[SourceVersion "1"]
[SourceVersionDate "2018.06.28"]
[SourceQuality "1"]

1. e4 e5 2. Nf3 Nc6 3. d4 exd4 4. Nxd4 Be7 5. c4 Nf6 6. Nc3 0-0 7. Be3 b6 8. f3 Bb7 9. Nd5 Nxd5 10. cxd5 Nxd4 11. Qxd4 Bc5 12. Qc3 Bxe3 13. Qxe3 Qe7 14. Rc1 Rac8 15. Be2 Qb4+ 16. Qc3 Qxc3+ 17. Rxc3 d6 18. 0-0 Rfe8 19. Rfc1 Re7 20. g4 g6 21. h4 Bxd5 22. Ba6 Rce8 23. exd5 Kg7 24. Rxc7 Re5 25. Rxa7 Rxd5 26. Bc4 Rc8 27. Rxf7+ Kh8 28. Rf8+ Rxf8 29. Bxd5 Re8 30. g5 Re7 31. Rc8+ 1-0

[Event "Llinars del Valles op 11th B"]
[Site "Llinars del Valles"]
[Date "2017.05.27"]
[Round "6.40"]
[White "Romera Gonzalez, Miquel Angel"]
[Black "Gomez Rivera, Judit"]
[Result "0-1"]
[WhiteElo "1343"]
[BlackElo "1228"]
[PlyCount "95"]
[EventDate "2017.04.22"]
[EventType "swiss"]
[EventRounds "9"]
[EventCountry "ESP"]
[SourceTitle "EXT 2024"]
[Source "ChessBase"]
[SourceDate "2023.10.10"]
[SourceVersion "1"]
[SourceVersionDate "2023.10.10"]
[SourceQuality "1"]

1. e4 e5 2. Nf3 Nc6 3. Bc4 Bc5 4. c3 d6 5. a3 Nf6 6. d3 Be6 7. Bb5 Bd7 8. Bg5 a6 9. Ba4 b5 10. Bc2 Bb6 11. 0-0 0-0 12. Re1 Qe7 13. Nbd2 Qe6 14. Bb3 Qe7 15. Nf1 Be6 16. Bc2 h6 17. Be3 Nd7 18. d4 Na5 19. d5 Bg4 20. Bxb6 Nxb6 21. Ne3 Bd7 22. b3 Qf6 23. h3 Qg6 24. Nh4 Qg5 25. Nhf5 Nc8 26. h4 Qd8 27. Qg4 Bxf5 28. Nxf5 Qf6 29. Re3 Ne7 30. Nxe7+ Qxe7 31. Rg3 Qf6 32. Re1 Kh7 33. Ree3 Qg6 34. Qd7 Qf6 35. Ref3 Qxh4 36. Rxf7 Rxf7 37. Qxf7 Qf6 38. Rf3 Qg5 39. Bd1 Qc1 40. Qf5+ Kh8 41. Rd3 Nxb3 42. Kh2 Nc5 43. Bh5 Nxd3 44. Qg6 Qf4+ 45. g3 Qxf2+ 46. Kh3 Qf1+ 47. Kh4 Qf6+ 48. Kh3 0-1

[Event "Roncana op-C 9th"]
[Site "Santa Eulalia de Roncana"]
[Date "2015.11.14"]
[Round "6"]
[White "Gomez Rivera, Judit"]
[Black "Naval Gaset, Arnau"]
[Result "1-0"]
[WhiteElo "1675"]
[BlackElo "1712"]
[PlyCount "87"]
[EventDate "2015.10.03"]
[EventType "swiss"]
[EventRounds "8"]
[EventCountry "ESP"]
[SourceTitle "EXT 2017"]
[Source "ChessBase"]
[SourceDate "2016.10.25"]
[SourceVersion "1"]
[SourceVersionDate "2016.10.25"]
[SourceQuality "1"]

1. e4 e5 2. Nf3 Nf6 3. Nc3 Nc6 4. d4 exd4 5. Nxd4 Nxd4 6. Qxd4 d6 7. Bd3 c5 8. Qe3 Bd7 9. 0-0 Qc7 10. Nd5 Nxd5 11. exd5+ Be7 12. Re1 Bg4 13. f3 Bh5 14. Qg5 Bg6 15. Bd2 0-0-0 16. Rxe7 Qb6 17. Qg4+ f5 18. Bxf5+ Kb8 19. Bxg6 hxg6 20. Qxg6 c4+ 21. Be3 Qxb2 22. Re1 Qf6 23. Qxg7 Qxg7 24. Rxg7 b6 25. Bg5 Rhg8 26. Bh6 Rxg7 27. Bxg7 Rg8 28. Re7 b5 29. g4 a5 30. h4 a4 31. h5 b4 32. h6 b3 33. axb3 cxb3 34. h7 Rc8 35. cxb3 axb3 36. Rd7 Ka8 37. Rxd6 Rb8 38. Be5 b2 39. Bxb2 Rxb2 40. h8Q+ Ka7 41. Qxb2 Ka8 42. Qh8+ Kb7 43. Qg7+ Kc8 44. Rf6 1-0

[Event "Roncana op-C 8th"]
[Site "Santa Eulalia de Roncana"]
[Date "2014.11.15"]
[Round "5"]
[White "Gomez Rivera, Judit"]
[Black "Salvany Alonso, Artur"]
[Result "0-1"]
[WhiteElo "1700"]
[BlackElo "1715"]
[PlyCount "70"]
[EventDate "2014.10.11"]
[EventType "swiss"]
[EventRounds "8"]
[EventCountry "ESP"]
[SourceTitle "EXT 2016"]
[Source "ChessBase"]
[SourceDate "2015.10.08"]
[SourceVersion "1"]
[SourceVersionDate "2015.10.08"]
[SourceQuality "1"]

1. e4 e5 2. Nf3 Nc6 3. Bc4 Bc5 4. Nc3 Nf6 5. 0-0 0-0 6. d3 d6 7. Nd5 Nxd5 8. Bxd5 Bg4 9. Bg5 Qd7 10. Bxc6 Qxc6 11. h3 Bxf3 12. Qxf3 f6 13. Be3 Bxe3 14. Qxe3 Qxc2 15. Qg3 Qxb2 16. Rfe1 Rad8 17. Rad1 Qxa2 18. Re3 b5 19. Qg4 b4 20. Rg3 g6 21. Qf3 b3 22. Qe3 b2 23. Qe1 Rb8 24. Rb1 Qb3 25. Rg4 Qc2 26. Rh4 Ra8 27. Kh2 a5 28. Rxb2 Qxb2 29. Qe3 a4 30. Qh6 Rf7 31. Rg4 a3 32. Rg3 Qxf2 33. Re3 a2 34. d4 a1Q 35. Rg3 Qag1# 0-1